| 000 | 00909nam a2200265 a 4500 | ||
|---|---|---|---|
| 001 | 000013724 | ||
| 005 | 20200929163326.0 | ||
| 008 | 091128s1999 sp 001 f spa d | ||
| 020 | _a8420792381 | ||
| 040 |
_aDO-SdBNP _bspa _cBNPHU |
||
| 041 | 1 | 7 |
_aspa _hcat _2Código de idioma MARC |
| 082 |
_a849.54 _bF995v |
||
| 100 | 1 |
_aFuster, Jaume, _d1945-1998 _931164 |
|
| 240 | 1 | 0 |
_aVida de gos i altres claus de vidre, _lespañol |
| 245 | 1 | 0 |
_aVida de perros y otras llaves de cristal / _cJaume Fauste ; traductor, Cristina García. |
| 260 |
_aMadrid : _bAnaya, _c1999. |
||
| 300 |
_a151, [7] p. ; _c23 cm. |
||
| 490 | 1 |
_aEspacio abierto _v75 |
|
| 534 |
_pTítulo original en catalán: _tVida de gos i altres claus de vidre |
||
| 650 | 4 |
_aNovela catalana _919902 |
|
| 650 | 4 |
_aLiteratura catalana _93128 |
|
| 700 | 1 |
_aGarcía, Cristina, _etr. _916833 |
|
| 830 | 0 |
_aEspacio abierto ; _v75 _921447 |
|
| 049 | _aBNGR | ||
| 999 |
_c13337 _d13337 |
||